00450nam a22001577a 450000500170000000800410001702000260005804000090008404100120009308200170010510000190012224500860014126000340022730000090026165000220027020260529122457.0260527b |||||||| |||| 00| 0 eng d a9789364683586c450.00 aMAIN aEnglish bAGGa001.076 aAggarwal, R.S. aAdvanced Objective General Knowledge 2025 b: For All Competitive Examinational  aUttar PradeshbS. Chandc2025 aV.P. aCompetitive Books